Catalog

Record Details

Catalog Search



Evidencefor the Crucifixion and Resurrection of Jesus Christ Examined Through Islamic Law /  Suheit Madanat Cover Image Book Book

Evidencefor the Crucifixion and Resurrection of Jesus Christ Examined Through Islamic Law /  Suheit Madanat

Madanat, Suheil (Author).

Record details

  • ISBN: 978-1-83973-790-9
  • Physical Description: xiii, 260 s.
  • Publisher: Carlisle, Cumbria, UK :  Langham Monographs ,  2023

Available copies

  • 1 of 1 copy available at Common Catalog SPOK.

Holds

  • 0 current holds with 1 total copy.
Show Only Available Copies
Location Call Number / Copy Notes Barcode Shelving Location Status Due Date
ETS Library 297.283 424470020696 Volný výběr Available -

LDR nam a22 i 4500
00158091
003CZ-PrJAB
00520241113142158.0
007ta
008241113s2023 enk e 000 0 eng
020 . ‡a978-1-83973-790-9
040 . ‡aABG450 ‡bcze ‡erda
08214. ‡a297.283
1001 . ‡aMadanat, Suheil ‡4aut
24510. ‡aEvidencefor the Crucifixion and Resurrection of Jesus Christ Examined Through Islamic Law /  ‡nSuheit Madanat
264 1. ‡aCarlisle, Cumbria, UK :  ‡bLangham Monographs ,  ‡c2023
300 . ‡axiii, 260 s.
336 . ‡atext ‡btxt ‡2rdacontent
338 . ‡asvazek ‡bnc ‡2rdacarrier
910 . ‡aABG450
901 . ‡a58091 ‡bAUTOGEN ‡c58091 ‡tbiblio

Additional Resources